| 000 | 00516nam a2200145 4500 | ||
|---|---|---|---|
| 999 |
_c122154 _d122154 |
||
| 005 | 20210429135738.0 | ||
| 008 | 210429b ||||| |||| 00| 0 eng d | ||
| 040 | _cPK-LaUMT | ||
| 082 |
_aRHC 320.531 _bRED-J |
||
| 100 | _aRedess, Gyles = ریڈس، گائلس | ||
| 245 |
_aJamhoori socialism = جمہوری سوشلزم : _baik mukhtasir sa jaizah = ایک مختصر سا جائزہ / _cby Gyles Redess = از گائلس ریڈس |
||
| 260 |
_aDehli : _bNational Academy, _c1965 |
||
| 300 | _a228 p. | ||
| 942 | _cBK | ||